14.celoštátne dni tepelného spracovania : Medzinárodná konferencia : Konf. Vysoké Tatry-Štrbské Pleso. 24.-26.11.1992

Na minha lista:
Detalhes bibliográficos
Formato: Livro
Idioma:eslovaco
Publicado em: Bratislava, 1992
Edição:1.vyd.
Assuntos:
Tags: Adicionar Tag
Sem tags, seja o primeiro a adicionar uma tag!

MARC

LEADER 00000nam a22000003a 4500
001 stu38902
005 20150408180727.5
008 921201s1992----cs------------------slo-d
020 |a 80-233-0262-0 
040 |a STU  |b slo 
041 0 |a slo 
044 |a cs 
080 |a 621.78 
080 |a 6604(082) 
245 |a 14.celoštátne dni tepelného spracovania :  |b Medzinárodná konferencia : Konf. Vysoké Tatry-Štrbské Pleso. 24.-26.11.1992 
250 |a 1.vyd. 
260 |a Bratislava,  |c 1992 
300 |a 157 s 
650 7 |a spracovanie tepelné  |2 stusub 
650 7 |a zborníky  |2 stusub 
650 7 |a materiály  |2 stusub 
996 |b 284M057799  |c M*Z-679  |l MMKN  |s A  |a 24  |w stu38902_0001 
996 |b 284M053380  |c M*Z-680  |l MMKN  |s A  |a 24  |w stu38902_0002